Angebote an eine starke Kommunalverwaltung - aus dem Leistungskatalog schleswig-holsteinischer Kommunalarchive
| Titel: | Angebote an eine starke Kommunalverwaltung - aus dem Leistungskatalog schleswig-holsteinischer Kommunalarchive |
|---|---|
| Verfasser: | |
| In: |
Verband Schleswig-Holsteinischer Kommunalarchivarinnen und -Archivare: Mitteilungen, (2004), Seite 29-39 alle Artikel anzeigen |
| Veröffentlicht: | 2004 |
| Format: | Aufsatz |
X
alg: 44191150 001A $03036:30-01-19 001B $01999:30-01-19 $t22:56:06.000 001D $03036:30-01-19 001U $0utf8 001X $00 002@ $0Aox 003@ $0441911501 007A $0441911501 $aHEB 007T $0ArchMa07191 011@ $a2004 021A $aAngebote an eine starke Kommunalverwaltung - aus dem Leistungskatalog schleswig-holsteinischer Kommunalarchive 028A $aBriel $dJutta 031A $h29-39 $j2004 039B $aIn $8--Abvc--Verband Schleswig-Holsteinischer Kommunalarchivarinnen und -Archivare [Tb1]. Mitteilungen. - Kiel : VKA, 2000-2011 $x200400000000000971 $9094034893 lok: 44191150 105 exp: 44191150 105 1 #EPN 201B/01 $030-01-19 $t13:29:10.000 201C/01 $030-01-19 201U/01 $0utf8 203@/01 $01042266808 208@/01 $a13-12-18 $be 209A/01 $a/ $f106 $x00 245Z/01 $a2.15.02. $bArchivwissenschaft und Archivtheorie / Archivbereiche / Kommunale Archive $x01 245Z/01 $a3.17.01. $bArchivwesen des Bundes- und der deutschen Bundesländer / Schleswig-Holstein / Allgemeines $x02 247C/01 $8->Marburg, Bibliographie zum Archivwesen der Archivschule Marburg $939588196X
| LEADER | 00000caa a22000002c 4500 | ||
|---|---|---|---|
| 001 | 441911501 | ||
| 003 | DE-603 | ||
| 005 | 20190130225606.0 | ||
| 007 | tu | ||
| 008 | 190130s2004 xx |||| | u00||u|und c | ||
| 035 | |a (DE-599)HEB441911501 | ||
| 040 | |a DE-603 |b ger |c DE-603 |d DE-603 | ||
| 100 | 1 | |a Briel, Jutta | |
| 245 | 0 | 0 | |a Angebote an eine starke Kommunalverwaltung - aus dem Leistungskatalog schleswig-holsteinischer Kommunalarchive |
| 264 | 0 | |c 2004 | |
| 773 | 0 | 8 | |i In |a Verband Schleswig-Holsteinischer Kommunalarchivarinnen und -Archivare |t Mitteilungen |d Kiel : VKA, 2000-2011 |g (2004), Seite 29-39 |w (DE-603)094034893 |w (DE-600)2026933-X |
| 924 | 0 | |9 - |a (DE-603)1042266808 |b DE- |c HES |d d |g / | |